00965nam a22002777a 4500001000400000003000600004005001700010008004100027020002500068020001800093020002200111040002500133050001400158082001100172100002300183245007400206250004600280260003900326300003200365490003900397505000600436520018000442521001800622521001900640700002800659411FISKH20250327090551.0230410b cb ||||| |||| 00| 0 eng d a9781416991656 (pbk.) a9780545283946 a1416991654 (pbk.) aDLCcDLCbengdFISKH00aPZ7.D644  a813.541 aDixon, Franklin W.10aMystery map /cby Franklin W. Dixon ; illustrated by Scott Burroughs. aFirst Scholastic printing, September 2010 aNew York, NY :bScholastic.c2010. a88 pages. :bill. ;c20 cm.0 aThe Hardy Boys: secret files ;v#3 aH aOn their way through the park, Frank and Joe find a mysterious map that looks like it leads to treasure, but the brothers must face bullies hanging around where the map leads.8 a490 bLexile8 aH bRaz-Plus1 aBurroughs, Scott,eill.